| 000 | 00349pab a2200145 454500 | ||
|---|---|---|---|
| 008 | 180718b2000 xxu||||| |||| 00| 0 eng d | ||
| 100 | _aBurchardt, Tania | ||
| 245 | _aThe dynamics of being disabled | ||
| 260 | _c2000 | ||
| 300 | _ap.645-68 | ||
| 362 | _aOct | ||
| 650 | _aDisabled persons | ||
| 773 | _aJournal of Social Policy | ||
| 909 | _a46896 | ||
| 999 |
_c46896 _d46896 |
||